000 00622nam a2200229Ia 4500
003 OSt
005 20220918214534.0
006 a|||||r|||| 00| 0
007 ta
008 220917b |||||||| |||| 00| 0 eng d
024 _a137,916
037 _cTextual
040 _aARTS
_cARTS
_beng
041 _2eng
_aeng
082 _aYxN30:g, M0
100 _aConnerton Paul
_931174
245 0 _aTragedy of enlightment
_b an essay on the Frankfurt school
260 _aCambridge
_bUniv press
_c1980
650 _aSOCIOLOGY
942 _hYxN30:g, M0
_cTEXL
_2CC
999 _c260990
_d260990